<?xml version="1.0" encoding="UTF-8"?><?xml-stylesheet type="text/xsl" href="static/style.xsl"?><OAI-PMH xmlns="http://www.openarchives.org/OAI/2.0/" xmlns:xsi="http://www.w3.org/2001/XMLSchema-instance" xsi:schemaLocation="http://www.openarchives.org/OAI/2.0/ http://www.openarchives.org/OAI/2.0/OAI-PMH.xsd"><responseDate>2026-04-27T22:05:41Z</responseDate><request verb="GetRecord" identifier="oai:uvadoc.uva.es:10324/48893" metadataPrefix="marc">https://uvadoc.uva.es/oai/request</request><GetRecord><record><header><identifier>oai:uvadoc.uva.es:10324/48893</identifier><datestamp>2025-03-10T07:34:18Z</datestamp><setSpec>com_10324_38</setSpec><setSpec>col_10324_852</setSpec></header><metadata><record xmlns="http://www.loc.gov/MARC21/slim" xmlns:doc="http://www.lyncode.com/xoai" xmlns:xsi="http://www.w3.org/2001/XMLSchema-instance" xmlns:dcterms="http://purl.org/dc/terms/" xsi:schemaLocation="http://www.loc.gov/MARC21/slim http://www.loc.gov/standards/marcxml/schema/MARC21slim.xsd">
<leader>00925njm 22002777a 4500</leader>
<datafield tag="042" ind1=" " ind2=" ">
<subfield code="a">dc</subfield>
</datafield>
<datafield tag="720" ind1=" " ind2=" ">
<subfield code="a">Martín Anguita, Laura</subfield>
<subfield code="e">author</subfield>
</datafield>
<datafield tag="260" ind1=" " ind2=" ">
<subfield code="c">2021</subfield>
</datafield>
<datafield tag="520" ind1=" " ind2=" ">
<subfield code="a">Los mercados modernistas son edificios&#xd;
que hoy en día siguen estando vigentes&#xd;
en nuestras ciudades, conservando su&#xd;
uso o reinventándose. Su composición,&#xd;
estructura y medidas higiénicas han&#xd;
hecho que se conviertan en un gran representante&#xd;
de la arquitectura cotidiana&#xd;
que nos rodea.&#xd;
Este trabajo estudia la historia de&#xd;
los mercados desde sus inicios, para&#xd;
después profundizar desde un punto&#xd;
de vista analítico en los ejemplos construidos&#xd;
durante la época modernista en&#xd;
España, concretamente en una de las&#xd;
ciudades donde más arraigó este estilo,&#xd;
Valencia. De esta manera los mercados&#xd;
de esta ciudad poseen sus propias características&#xd;
arquitectónicas y utilizan el&#xd;
azulejo como material protagonista.&#xd;
Mediante el análisis y comparación&#xd;
del Mercado Central y Mercado Colón&#xd;
de Valencia se pone en valor estos dos&#xd;
edificios y sus características más importantes,&#xd;
y así promover que se incluyan&#xd;
en los itinerarios principales de los&#xd;
que visitan la ciudad.</subfield>
</datafield>
<datafield tag="520" ind1=" " ind2=" ">
<subfield code="a">Modernist markets are buildings which&#xd;
still nowadays remain in force in our&#xd;
cities, conserving its use or reinventing&#xd;
themselves. Its composition, structure&#xd;
and hygienic measures have made&#xd;
them a great representative of everyday&#xd;
architecture that surrounds us.&#xd;
This assignment studies the history of&#xd;
markets since its beginnings, to the&#xd;
deepen in the examples of the ones on&#xd;
the spanish modern period, from an&#xd;
analytical point of view, particularly in&#xd;
one of the cities where this style more&#xd;
grew up, Valencia. This way, the cities’&#xd;
markets have their own architectural&#xd;
characteristics and use ceramic tiles as&#xd;
the main material.&#xd;
By analyzing and comparing Mercado&#xd;
Central and Mercado Colón in Valencia,&#xd;
these two buildings’ value and most&#xd;
important characteristics are highlighted&#xd;
to promote their inclusion in the&#xd;
main itineraries of those who visit the&#xd;
city.</subfield>
</datafield>
<datafield tag="024" ind2=" " ind1="8">
<subfield code="a">https://uvadoc.uva.es/handle/10324/48893</subfield>
</datafield>
<datafield ind1=" " ind2=" " tag="653">
<subfield code="a">Mercados - Planos y construcción</subfield>
</datafield>
<datafield ind1=" " ind2=" " tag="653">
<subfield code="a">Mercado Central (Valencia, España)</subfield>
</datafield>
<datafield ind1=" " ind2=" " tag="653">
<subfield code="a">Mercado de Colón (Valencia, España)</subfield>
</datafield>
<datafield tag="245" ind1="0" ind2="0">
<subfield code="a">El mercado modernista: el ejemplo valenciano. Estudio compositivo del Mercado Central y del Mercado Colón</subfield>
</datafield>
</record></metadata></record></GetRecord></OAI-PMH>